000 00469nam a2200181Ia 4500
001 439
005 20260306140518.0
008 260306t1992||||xx |||||||||||||| ||spa||
041 _aESP
082 _a120
_bA78
100 _aArtigas, Mariano
_eAUT
245 0 _aFilosofía de la ciencia experimental :
_bla objetividad y la verdad en las ciencias
260 _c1992
300 _a470 páginas :
_c21 cm.
650 _aGEN
654 _aCHU
942 _cLIB
_dJUS
_fJUS
_2ddc
_n
999 _c439
_d439